Descripciones de suelos y materiales y simbolos: estudio agrológico complementario VIII región
Kaydedildi:
| Müşterek Yazar: | |
|---|---|
| Materyal Türü: | Kitap |
| Dil: | İspanyolca |
| Baskı/Yayın Bilgisi: |
Santiago
CIREN
1989
|
| Seri Bilgileri: | Publicación CIREN, 81
|
| Konular: | |
| Etiketler: |
Etiketle
Etiket eklenmemiş, İlk siz ekleyin!
|
MARC
| LEADER | 00000nam a2200000 a 4500 | ||
|---|---|---|---|
| 001 | UCP4073 | ||
| 003 | CL-VaPUC | ||
| 005 | 20231206113604.0 | ||
| 008 | 990724e19890000CL |||||||||||||||||spa|d | ||
| 999 | |c 282151 |d 282149 | ||
| 040 | |c Pontificia Universidad Católica de Valparaíso | ||
| 082 | 0 | 4 | |a 631.47 |b CEN |2 21 |
| 110 | 2 | |a Centro de Información de Recursos Naturales |e author |9 431477 | |
| 245 | 1 | 0 | |a Descripciones de suelos y materiales y simbolos: estudio agrológico complementario VIII región |
| 260 | |a Santiago |b CIREN |c 1989 | ||
| 300 | |a 217 p | ||
| 490 | 0 | |a Publicación CIREN, 81 | |
| 583 | |a last modification |c 19990724 00:00:00 |k Rodrigo Vera | ||
| 650 | 7 | |a Suelos |2 CL-VaPUC |9 431478 | |
| 650 | 0 | |a Suelos |9 524831 |x Clasificación | |
| 650 | 0 | |a Suelos |9 266055 |x Análisis | |
| 651 | |2 Región del Bio-Bio | ||
| 942 | |c BK |2 ddc | ||
| 945 | |d 19990724 00:00:00 |a rbrito | ||
| 952 | |0 0 |1 0 |4 0 |6 631_470000000000000_CEN_1989 |7 0 |8 A |9 323631 |a BIBAGR |b BIBAGR |d 2019-11-20 |i 3539555 |o 631.47 CEN 1989 |p 3539555 |r 2025-01-20 |w 2019-11-20 |y BK |k AGR | ||
| 952 | |0 0 |1 0 |4 0 |6 631_470000000000000_CEN_1989 |7 0 |8 A |9 323632 |a BIBAGR |b BIBAGR |d 2019-11-20 |i 3539563 |o 631.47 CEN 1989 |p 3539563 |r 2025-01-20 |w 2019-11-20 |y BK |k AGR | ||